MyGZULibrary

The public law of gender : (Record no. 9161)

MARC details
000 -LEADER
fixed length control field 01665cam a2200433 i 4500
001 - CONTROL NUMBER
control field 18813033
003 - CONTROL NUMBER IDENTIFIER
control field K3243. RUB 2016
005 - DATE AND TIME OF LATEST TRANSACTION
control field 20210607115826.0
008 - FIXED-LENGTH DATA ELEMENTS--GENERAL INFORMATION
fixed length control field 151009s2016 enk b 001 0 eng
010 ## - LIBRARY OF CONGRESS CONTROL NUMBER
LC control number 2015039549
020 ## - INTERNATIONAL STANDARD BOOK NUMBER
International Standard Book Number 9781107138575 (hardback)
040 ## - CATALOGING SOURCE
Original cataloging agency DLC
Language of cataloging eng
Transcribing agency DLC
Description conventions rda
Modifying agency DLC
042 ## - AUTHENTICATION CODE
Authentication code pcc
050 00 - LIBRARY OF CONGRESS CALL NUMBER
Classification number K3243
Item number .P83 2016
082 00 - DEWEY DECIMAL CLASSIFICATION NUMBER
Classification number 342.08/78
Edition number 23
084 ## - OTHER CLASSIFICATION NUMBER
Classification number LAW018000
Number source bisacsh
245 04 - TITLE STATEMENT
Title The public law of gender :
Remainder of title from the local to the global /
Statement of responsibility, etc. edited by Kim Rubenstein and Katharine G. Young.
264 #1 - PRODUCTION, PUBLICATION, DISTRIBUTION, MANUFACTURE, AND COPYRIGHT NOTICE
Place of production, publication, distribution, manufacture Cambridge :
Name of producer, publisher, distributor, manufacturer Cambridge University Press,
Date of production, publication, distribution, manufacture, or copyright notice 2016.
300 ## - PHYSICAL DESCRIPTION
Extent xxii, 606 pages ;
Dimensions 24 cm.
336 ## - CONTENT TYPE
Content type term text
Content type code txt
Source rdacontent
337 ## - MEDIA TYPE
Media type term unmediated
Media type code n
Source rdamedia
338 ## - CARRIER TYPE
Carrier type term volume
Carrier type code nc
Source rdacarrier
490 0# - SERIES STATEMENT
Series statement Connecting international law with public law
500 ## - GENERAL NOTE
General note Includes bibliographical references and index.
504 ## - BIBLIOGRAPHY, ETC. NOTE
Bibliography, etc. note Includes bibliographical references and index.
600 ## - SUBJECT ADDED ENTRY--PERSONAL NAME
Source of heading or term Law of Gender
650 #0 - SUBJECT ADDED ENTRY--TOPICAL TERM
Topical term or geographic name entry element Sex discrimination against women
General subdivision Law and legislation.
650 #0 - SUBJECT ADDED ENTRY--TOPICAL TERM
Topical term or geographic name entry element Women
General subdivision Legal status, laws, etc.
650 #0 - SUBJECT ADDED ENTRY--TOPICAL TERM
Topical term or geographic name entry element Women's rights.
650 #0 - SUBJECT ADDED ENTRY--TOPICAL TERM
Topical term or geographic name entry element Sex discrimination
General subdivision Law and legislation.
650 #0 - SUBJECT ADDED ENTRY--TOPICAL TERM
Topical term or geographic name entry element Constitutional law.
650 #7 - SUBJECT ADDED ENTRY--TOPICAL TERM
Topical term or geographic name entry element LAW / Constitutional.
Source of heading or term bisacsh
700 1# - ADDED ENTRY--PERSONAL NAME
Personal name Rubenstein, Kim,
Relator term editor.
700 1# - ADDED ENTRY--PERSONAL NAME
Personal name Young, Katharine G.,
Relator term editor.
856 42 - ELECTRONIC LOCATION AND ACCESS
Materials specified Cover image
Uniform Resource Identifier <a href="http://assets.cambridge.org/97811071/38575/cover/9781107138575.jpg">http://assets.cambridge.org/97811071/38575/cover/9781107138575.jpg</a>
906 ## - LOCAL DATA ELEMENT F, LDF (RLIN)
a 7
b cbc
c orignew
d 1
e ecip
f 20
g y-gencatlg
942 ## - ADDED ENTRY ELEMENTS (KOHA)
Source of classification or shelving scheme Library of Congress Classification
Koha item type Books
Classification part 3243
Item part RUB
Call number prefix K
Holdings
Withdrawn status Lost status Damaged status Not for loan Collection code Home library Current library Shelving location Date acquired Total Checkouts Full call number Barcode Date last seen Copy number Price effective from Koha item type
        Non-fiction Law Library Law Library General Stacks 06/07/2021   K3243 RUB 2016 030495 06/07/2021 C. 1 06/07/2021 Books